Recreational and environmental markets for forest enterprises : : a new approach towards marketability of public goods /

Bibliographic Details
Other Authors: Mantau, Udo, Merlo, M., Sekot, W., Welcker, B.
Format: Book
Published: Wallingford, Oxon, UK ; New York : : CABI Pub., , c2001.
Subjects:

MARC

LEADER 00000cam a2200000 7i4500
001 0000003190
005 20050310.0
020 0 0 |a 0851994806 
090 0 0 |a 333.7513094   |b REC 
245 0 0 |a Recreational and environmental markets for forest enterprises : :   |b a new approach towards marketability of public goods /   |c U. Mantau ... [et al.]. 
260 0 0 |a Wallingford, Oxon, UK ;   |a New York : :   |b CABI Pub., ,   |c c2001. 
300 |a ix, 541 p. : :   |b ill., maps ; ;   |c 25 cm. 
650 0 0 |a Forest products   |z Europe   |x Marketing 
650 0 0 |a Forests and forestry   |x Economic aspects   |z Europe. 
650 0 0 |a Forests and forestry   |x Multiple use   |z Europe 
700 1 1 |a Mantau, Udo. 
700 1 1 |a Merlo, M. 
700 1 1 |a Sekot, W. 
700 1 1 |a Welcker, B. 
999 |a 0000006139   |b Monograph   |c Open Shelf   |e Default branch